[Event "Figueira da Foz op 7th"]
[Site "Figueira da Foz"]
[Date "2010.11.02"]
[Round "4.22"]
[White "Mourato, Mario Luis da Costa"]
[Black "Perez Negro, Jose Manuel"]
[Result "0-1"]
[WhiteElo "1855"]
[BlackElo "2169"]
[PlyCount "132"]
[EventDate "2010.10.31"]
[EventType "swiss"]
[EventRounds "9"]
[EventCountry "POR"]
[SourceTitle "EXT 2011"]
[Source "ChessBase"]
[SourceDate "2010.11.26"]
[SourceVersion "1"]
[SourceVersionDate "2010.11.26"]
[SourceQuality "1"]

1. d4 Nf6 2. Nf3 e6 3. g3 b6 4. Bg2 Bb7 5. 0-0 c5 6. c3 d5 7. Nbd2 Bd6 8. dxc5 Bxc5 9. Nb3 Bd6 10. Nbd4 Nbd7 11. Bf4 Bxf4 12. gxf4 Ne4 13. e3 0-0 14. Rc1 Rc8 15. Ne5 Nd6 16. b3 Nc5 17. b4 Nce4 18. Qd3 Qe7 19. f3 Nf6 20. Rf2 Nfe8 21. e4 f6 22. Ng4 e5 23. Ne2 f5 24. Nxe5 fxe4 25. fxe4 dxe4 26. Qg3 Nf5 27. Qg5 Qe6 28. Ng3 Ned6 29. Re2 Ba6 30. c4 Nd4 31. Rxe4 Nxe4 32. Bxe4 Qf6 33. Bd5+ Kh8 34. Qxf6 gxf6 35. Nd7 Rfd8 36. Nxf6 Rd6 37. Nge4 Rxf6 38. Nxf6 Ne2+ 39. Kf2 Nxc1 40. b5 Rf8 41. Nd7 Rd8 42. Ne5 Rxd5 43. cxd5 Bxb5 44. d6 Nxa2 45. d7 Bxd7 46. Nxd7 Kg7 47. Ke3 Kf7 48. Kd4 Ke7 49. Ne5 Ke6 50. Kc4 a6 51. Nd3 a5 52. Kb5 Nb4 53. Ne5 Nd5 54. Nc4 h5 55. Kc6 h4 56. f5+ Kxf5 57. Kxd5 Kg4 58. Ke4 a4 59. Nxb6 a3 60. Nc4 a2 61. Ne3+ Kh3 62. Nc2 Kxh2 63. Kf3 Kg1 64. Kg4 Kf2 65. Kxh4 Ke2 66. Kg3 Kd2 0-1